Statistiques concernant Fête national des pays

Cliquez ici pour prendre le quiz!

Statistiques générales

  • Ce quiz a été pris 8 fois
  • Le résultat moyen est 95 sur 194

Statistiques - réponses

PaysGentilé% Correct
Roumanie | République Centrafricaine1er décembre
88%
Haïti | Slovaquie | Soudan1er janvier
88%
Cuba1er janvier | 26 juillet
88%
Antigua-et-Barbuda1er novembre
88%
Chine | Chypre | Nigeria | Tuvalu1er octobre
88%
Inde26 janvier | 15 août | 2 octobre
88%
Macédoine du Nord2 août
88%
Laos | Émirats arabes unis2 décembre
88%
Italie2 juin
88%
Guinée2 octobre
88%
Rwanda | États-Unis4 juillet
88%
Irak14 juillet | 17 juillet | 3 octobre
75%
Bénin | Suisse1er août
75%
Iran1er avril
75%
Burundi | Canada | Somalie1er juillet
75%
Samoa1er juin
75%
Îles Marshall1er mai
75%
Ouzbékistan1er septembre
75%
Viêt Nam2 septembre
75%
Portugal10 juin
63%
France14 juillet
63%
Biélorussie3 juillet
63%
Bulgarie3 mars
63%
Dominique | Micronésie | Panama3 novembre
63%
Myanmar (Birmanie)4 janvier
63%
Lesotho4 octobre
63%
Thaïlande5 décembre
63%
Algérie | Cap-Vert | Venezuela5 juillet
63%
Suède6 juin
63%
Équateur10 août
50%
Bahamas10 juillet
50%
Fidji10 octobre
50%
Mongolie11 & 12 juillet
50%
Tchad11 août
50%
Japon11 février | 23 février
50%
Kenya12 décembre
50%
Espagne | Guinée équatoriale12 octobre
50%
Monténégro13 juillet
50%
Andorre14 septembre | 8 septembre
50%
Corée du Sud15 août | 3 octobre
50%
Lituanie16 février | 11 mars | 6 juillet
50%
Lettonie18 novembre | 4 mai
50%
Saint-Christophe-et-Niévès19 septembre
50%
Colombie20 juillet
50%
Belgique21 juillet
50%
Égypte23 juillet
50%
Mozambique | Slovénie25 juin
50%
Madagascar26 juin
50%
Pologne3 mai | 11 novembre
50%
Allemagne3 octobre
50%
Saint-Marin3 septembre
50%
Sénégal4 avril
50%
Sri Lanka4 février
50%
Tonga4 novembre
50%
Danemark5 juin
50%
Bolivie | Jamaïque6 août
50%
Finlande6 décembre
50%
Nouvelle-Zélande6 février
50%
Comores | Malawi6 juillet
50%
Ghana6 mars
50%
Eswatini (Swaziland)6 septembre
50%
Côte d'Ivoire7 août
50%
Grenade7 février
50%
Îles Salomon7 juillet
50%
Brésil7 septembre
50%
Singapour9 août
50%
Palaos | Soudan du Sud9 juillet
50%
Cambodge9 novembre
50%
Ouganda9 octobre
50%
Corée du Nord | Tadjikistan9 septembre
50%
Burkina Faso11 décembre
38%
Angola11 novembre
38%
Kiribati | São-Tomé-et-Príncipe12 juillet
38%
Philippines | Russie12 juin
38%
Maurice12 mars
38%
Liechtenstein | République du Congo15 août
38%
Serbie15 février
38%
Paraguay15 mai
38%
Hongrie15 mars | 20 août | 23 octobre
38%
Palestine15 novembre
38%
Costa Rica | Guatemala | Honduras | +2 others15 septembre
38%
Bahreïn | Kazakhstan16 décembre
38%
Mexique | Papouasie-Nouvelle-Guinée16 septembre
38%
Gabon | Indonésie17 août
38%
Syrie17 avril
38%
Kosovo17 février
38%
Islande17 juin
38%
Norvége17 mai
38%
Irlande17 mars
38%
Zimbabwe18 avril
38%
Niger | Qatar18 décembre
38%
Gambie18 février
38%
Oman18 novembre
38%
Chili18 septembre
38%
Afghanistan19 août
38%
Vatican19 mars
38%
Monaco19 novembre
38%
Cameroun | Timor oriental20 mai
38%
Tunisie20 mars
38%
Népal20 septembre
38%
Namibie21 mars
38%
Bosnie-Herzégovine21 novembre
38%
Arménie | Belize | Malte21 septembre
38%
Sainte-Lucie22 février
38%
Yémen22 mai
38%
Liban22 novembre
38%
Mali22 septembre
38%
Brunei23 février
38%
Luxembourg23 juin
38%
Pakistan23 mars
38%
Arabie saoudite23 septembre
38%
Ukraine24 août
38%
Libye24 décembre | 17 février | 23 octobre
38%
Estonie24 février
38%
Érythrée24 mai
38%
Zambie24 octobre
38%
Guinée-Bissau24 septembre
38%
Uruguay25 août
38%
Koweït25 février
38%
Grèce25 mars | 28 octobre
38%
Suriname25 novembre
38%
Tanzanie26 avril
38%
Australie26 janvier
38%
Libéria | Maldives26 juillet
38%
Guyana | Géorgie26 mai
38%
Bangladesh26 mars
38%
Autriche26 octobre
38%
Moldavie27 août
38%
Afrique du Sud | Pays-Bas | Sierra Leone | Togo27 avril
38%
République dominicaine27 février
38%
Djibouti27 juin
38%
Saint-Vincent-et-les-Grenadines | Turkménistan27 octobre
38%
Azerbaïdjan | Éthiopie28 mai
38%
Albanie | Mauritanie28 novembre
38%
République Tchèque28 septembre | 28 octobre
38%
Seychelles29 juin
38%
Turquie29 octobre
38%
Maroc | Vanuatu30 juillet
38%
Croatie30 mai
38%
Barbade30 novembre
38%
Botswana30 septembre
38%
Kirghizistan | Malaisie | Trinité-et-Tobago31 août
38%
Nauru31 janvier
38%
Bhoutan17 décembre
25%
Argentine | Jordanie25 mai
25%
Pérou28 juillet
25%
République démocratique du Congo30 juin
25%

Distribution des résultats

Percentile par nombre de réponses

% des personnes avec chaque résultat

Votre développement - résultats

Vous n’avez pas pris ce quiz